L'Ancien Français : Morphologie, syntaxe et phonétique (notice n° 2174925)
[ vue normale ]
| 000 -LEADER | |
|---|---|
| fixed length control field | 00890cam a2200133 4500500 |
| 005 - DATE AND TIME OF LATEST TRANSACTION | |
| control field | 20260405051036.0 |
| 041 ## - LANGUAGE CODE | |
| Language code of text/sound track or separate title | fre |
| 042 ## - AUTHENTICATION CODE | |
| Authentication code | dc |
| 100 10 - MAIN ENTRY--PERSONAL NAME | |
| Personal name | Hélix, Laurence |
| Relator term | author |
| 245 00 - TITLE STATEMENT | |
| Title | L'Ancien Français : Morphologie, syntaxe et phonétique |
| 260 ## - PUBLICATION, DISTRIBUTION, ETC. | |
| Name of publisher, distributor, etc. | Armand Colin,<br/> |
| Date of publication, distribution, etc. | 2025.<br/> |
| 520 ## - SUMMARY, ETC. | |
| Summary, etc. | Cet ouvrage fait le pari de traiter de manière simple et concise, en 50 fiches, l’essentiel des connaissances en langue médiévale. Réparties en trois grandes sections (morphologie, phonétique historique et syntaxe), les fiches sont accompagnées de nombreux conseils et astuces méthodologiques.- Un contenu adapté aussi bien aux grands débutants qu’aux étudiants confirmés- Un outil idéal pour la révision des concours- De très nombreux exercices corrigés |
| 856 41 - ELECTRONIC LOCATION AND ACCESS | |
| Uniform Resource Identifier | <a href="https://shs.cairn.info/l-ancien-francais--9782200641382?lang=fr&redirect-ssocas=7080">https://shs.cairn.info/l-ancien-francais--9782200641382?lang=fr&redirect-ssocas=7080</a> |
Pas d'exemplaire disponible.




Réseaux sociaux